000 00557nam a2200181Ia 4500
003 GCL
008 140319s9999 xx 000 0 ara d
040 _aGCL /
_cGCL
082 0 4 _a229.5
_bع ق
100 1 _aعبدالرزاق نوفل
245 1 0 _aقصة الجريمة : قابيل وهابيل /
_cعبدالرزاق نوفل
260 _a[S.N] :
_bالمركز الثقافى العربى ،
_c1979
300 _a38 ص
490 _aالاسلام فى قصص
_v0
650 0 4 _aالاسلام
650 0 4 _aقصص القران
942 _2ddc
_cBK
999 _c28835
_d28835